Estatísticas para Você conhece este jogador de futebol?

Clique aqui para jogar o quiz

Estatísticas Gerais

  • Esse quiz foi jogado 1 170 vezes
    (1 163 desde o último reset)
  • A pontuação média é 24 de 118

Estatísticas das Respostas

Apelido/CodinomeJogador (pode ser o nome ou outro apelido)% Correto
FenômenoRonaldo
90%
ReiPelé
88%
DinamiteRoberto
88%
BaixinhoRomário
82%
CapetinhaEdílson
75%
ImperadorAdriano
74%
Anjo das pernas tortasGarrincha
72%
AnimalEdmundo
71%
SheikEmerson
67%
FabulosoLuís Fabiano
64%
ZizouZidane
64%
DoutorSócrates
61%
GalinhoZico
61%
BrocadorHernane
60%
La PulgaMessi
54%
He-manRafael Moura
53%
ChulapaSerginho
53%
Coração ValenteWashington
51%
Boi BandidoAloísio
50%
CapitaCarlos Alberto Torres
50%
ChicharitoHernández
50%
KunAguero
49%
MaravilhaTúlio
49%
Pé de AnjoMarcelinho Carioca
44%
Canhotinha de OuroGérson
40%
DentuçoRonaldinho Gaúcho
40%
FoquinhaKerlon
37%
El MagoValdívia
37%
O Velho LoboZagallo
36%
PirataBarcos
33%
Filho do VentoEuller
32%
BatigolBatistuta
31%
K9Keirrison
30%
El NiñoFernando Torres
29%
MagnataMagno Alves
25%
Diamante NegroLeônidas da Silva
24%
Aranha NegraYashin
24%
CapaceteJunior
22%
McLarenPaulinho
22%
Canhão da VilaPepe
21%
CajuPaulo Cesar Lima
19%
DivinoAdemir da Guia
17%
Dadá MaravilhaDario
17%
FuracãoJairzinho
17%
EnciclopédiaNilton Santos
17%
Patada AtômicaRivelino
16%
CabeçãoRuy
16%
KaiserBeckenbauer
15%
Pantera NegraEusébio
15%
BigodeValdir
15%
CebollaChristian Rodriguez
14%
MalucoCésar
13%
Fio de EsperançaTelê Santana
10%
La BrujaVerón
10%
Don EliasFigueroa
9%
Deus da RaçaRondinelli
9%
Artilheiro de DeusBaltazar
8%
Príncipe EtíopeDidi
8%
La BestiaJúlio Baptista
8%
Uri GellerJúlio César
8%
Anjo LouroSávio
8%
QueixadaAdemir
7%
Mestre ZizaZizinho
7%
PernambuquinhoAlmir
6%
El cabezónD'alessandro
6%
MuñecoGallardo
6%
Príncipe JajáJair
6%
The FlashValdeir
6%
ChevroletLuis Pereira
5%
Flecha NegraTarciso
5%
PavilhãoAírton Ferreira da Silva
4%
LexotanAlex
4%
PossessoAmarildo
4%
ViolinoCarlinhos
4%
Anjo 45Charles
4%
CorróClodoaldo
4%
Divino MestreDomingos da Guia
4%
Maravilha NegraFausto
4%
Pé MurchoRenato
4%
BugreAlcindo
3%
El TigreArthur Friedenreich
3%
Cabecinha de OuroBaltazar
3%
La saeta rubiaDi Stéfano
3%
BúfaloGil
3%
GildaHeleno de Freitas
3%
Pequeno PolegarLuizinho
3%
BurritoOrtega
3%
Major GalopantePuskas
3%
Peito de açoVavá
3%
El JefeAstrada
2%
CachaçaFabiano
2%
Barrillete CósmicoMaradona
2%
VesgoMário Sérgio
2%
JefitoMascherano
2%
João DanadoNunes
2%
El Grán CapitánPassarella
2%
A Fera de OuroTostão
2%
BambamZamorano
2%
El LeónAstengo
1%
BurroBira
1%
Garoto de OuroBráulio
1%
El pájaroCaniggia
1%
LeiteriaCastilho
1%
BigornaClaudiomiro
1%
CavaloEdevaldo
1%
SoldadoFabiano Eller
1%
Bola BolaFalcão
1%
BicudoFlavio
1%
SuperboyJohnny Herrera
1%
Pé FrioJorginho
1%
TanqueJuarez
1%
ChapinhaOtacílio Gonçalves
1%
Pato RoucoPaulo César Carpegiani
1%
TiziuPaulo Isidoro
1%
CoelhinhoPaulo Roberto
1%
GerenteZito
1%
CabeçaÊnio Andrade
0%
PeladoRamón Díaz
0%

Distribuição das Pontuações

Percentil de Números Respondidos

Porcentagem de Pessoas com Cada Pontuação

Sua Pontuação Histórica

Você não jogou esse quiz desde o último reset